000 00269nam a2200133Ia 4500
100 _aWoods.P.F
942 _cBK
654 _aWelding
245 _aProduction Welding
260 _bMcGraw Hill
_aLondon
_c1971
082 _a671.52
300 _a210
546 _aENGLISH
999 _c27379
_d27379